Online Catalogue and eLibrary

Nidahas Sri Lankawe agamathiwaru (Record no. 5304)

MARC details
000 -LEADER
fixed length control field 00411nam a2200145Ia 4500
005 - DATE AND TIME OF LATEST TRANSACTION
control field 20250703160426.0
008 - FIXED-LENGTH DATA ELEMENTS--GENERAL INFORMATION
fixed length control field 240331s9999 xx 000 0 und d
082 ## - DDC Classification
Item Number - Author Mark JAY
Class No. 920
100 ## - MAIN ENTRY--PERSONAL NAME
Personal name Jayawardena,W.M.R.B.
245 #0 - TITLE STATEMENT
Title Nidahas Sri Lankawe agamathiwaru
260 ## - PUBLICATION, DISTRIBUTION, ETC.
Place of publication, distribution, etc. Sri Lanka
Name of publisher, distributor, etc. Ran Bandara Publishers
Date of publication, distribution, etc. 1988
300 ## - PHYSICAL DESCRIPTION
Extent (e.g. Volumes, Pages etc.) 60 p .,
500 ## - GENERAL NOTE
General note A book of Prime Ministers of Independent Sri Lanka
942 ## - Koha item type (Biblio)
Koha item type Books in Stacks (Lending)
Holdings
Lost status Damaged status Collection code Home library Current library Shelving location Date acquired Full call number Accession Number Item type
    Lending WERC Library WERC Library Social Science Cupboard 03/31/2024 920 JAY 3425 Books in Stacks (Lending)

© WERC Library